| 000 | 00520cab a2200193 4500 | ||
|---|---|---|---|
| 001 | ABS60639 | ||
| 008 | 090401t1999 xxu||||| |||| 00| 0 eng d | ||
| 035 | _a(Sirsi) u93826 | ||
| 041 | _aeng | ||
| 245 | _aBusiness continuity management explained | ||
| 260 | _c1999 | ||
| 350 | _a0 | ||
| 490 |
_aFacilities Management Guide _vNo 23 May 1999 (16) Loan |
||
| 650 | _aBUSINESS CONTINUITY | ||
| 650 |
_aFACILITIES MANAGEMENT _96240 |
||
| 690 | _aMANAGEMENT-FACILITIES MANAGEMENT | ||
| 942 | _n0 | ||
| 948 | _c08/06/1999 | ||
| 999 |
_c59463 _d59463 |
||